[Event "World Cup U16 Prel"]
[Site "Tornelo INT"]
[Date "2021.08.16"]
[Round "2"]
[White "Toro Cruz, Sebastian J"]
[Black "Moreno Fong, Dennys"]
[Result "1-0"]
[WhiteElo "1743"]
[BlackElo "1324"]
[PlyCount "91"]
[EventDate "2021.08.16"]
[EventType "swiss (rapid)"]
[EventRounds "10"]
[EventCountry "NET"]
[SourceTitle "EXT 2025"]
[Source "ChessBase"]
[SourceDate "2024.10.14"]
[SourceVersion "1"]
[SourceVersionDate "2024.10.14"]
[SourceQuality "1"]

1. e4 d5 2. exd5 Nf6 3. d4 Bg4 4. Be2 Bxe2 5. Qxe2 Qxd5 6. Nf3 e6 7. 0-0 Nc6 8. c4 Nxd4 9. Nxd4 Qxd4 10. Be3 Qg4 11. Qd3 Bd6 12. c5 Bf4 13. h3 Qg5 14. Qb5+ Nd7 15. Bxf4 Qxf4 16. Rd1 0-0-0 17. Na3 c6 18. Qa5 Kb8 19. b4 Qc7 20. Qa4 Nf6 21. Rdc1 Rd4 22. Nc4 Qf4 23. Qc2 Rhd8 24. Rd1 Kc7 25. Nd6 Rxb4 26. Rab1 Rxb1 27. Rxb1 Rb8 28. Qc3 Ne4 29. Qa5+ Kd7 30. Nxe4 Qxe4 31. Re1 Qd5 32. Qxa7 Kc8 33. Qb6 Qd7 34. Re3 Ra8 35. a3 Ra6 36. Qb4 Ra8 37. Re2 Ra7 38. Rd2 Qc7 39. Rd6 Qe7 40. Qc3 g6 41. Qh8+ Kc7 42. Qe5 Kc8 43. Qc3 Ra8 44. Qh8+ Kc7 45. Qxa8 Qf6 46. Qa5+ 1-0